|
|
|
|
| LEADER |
00000nab a2200000 a 4500 |
| 001 |
vtls000516190 |
| 003 |
SK-MaSNL |
| 005 |
20260304084201.0 |
| 008 |
250425c1994 xo 0 slo |
| 015 |
|
|
|a SNBRB19rr/mm-uuuuu
|
| 035 |
|
|
|a CL0516328
|
| 035 |
|
|
|a urn:nbn:sk:snk-abalu7
|
| 035 |
|
|
|a (urnnbn)urn:nbn:sk:snk:ar-0082bd
|
| 035 |
|
|
|a (uuid)38b9d268-4ee9-461c-92af-36e0c3472acf
|
| 040 |
|
|
|a SNKBUCL
|b slo
|c SNKBUCL
|e AACR2
|
| 041 |
0 |
|
|a slo
|
| 044 |
|
|
|a xo
|c SK
|
| 080 |
|
|
|a 885.4-3
|2 1981
|
| 100 |
1 |
|
|a Hlinka, Anton,
|d 1926-2011
|4 aut
|9 92283
|
| 245 |
1 |
0 |
|a Keby tak prišiel Sokrates
|c Anton Hlinka
|
| 300 |
|
|
|b Fotogr. 1
|
| 500 |
|
|
|a Na dok. chybne uvedené meno aut. (Andrej)
|
| 650 |
0 |
7 |
|a prózy filozofické
|2 snkbucl
|9 953885
|
| 655 |
|
7 |
|a články z novín a časopisov
|2 snkbucl
|9 267496
|
| 655 |
|
7 |
|a články z odboru literárna veda a krásna literatúra
|2 snkbucl
|9 770045
|
| 773 |
0 |
|
|t Literárny týždenník
|g Roč. 7, č. 18 (1994), s. 6-7
|
| 850 |
|
|
|a Slovenská národná knižnica
|
| 852 |
|
|
|a Slovenská národná knižnica
|
| 954 |
|
|
|a odborná, vedecká literatúra pôvodná (slovenská)
|2 lita
|
| 958 |
|
|
|a article14
|
| 958 |
|
|
|a RK
|
| 958 |
|
|
|a LX
|
| 958 |
|
|
|a OND
|
| 958 |
|
|
|a EUIPO
|
| 999 |
|
|
|c 2802255
|d 2804185
|